Statistics for Rust Belt States

Click here to take the quiz!

General Stats

  • This quiz has been taken 77 times
  • The average score is 9 of 9

Answer Stats

AreaState% Correct
Mid-WestMichigan
99%
Mid-WestOhio
99%
Mid-WestIllinois
97%
Mid-WestIndiana
97%
Mid-AtlanticPennsylvania
97%
Mid-AtlanticNew York
96%
Mid-WestWisconsin
94%
Mid-WestKentucky
93%
Mid-AtlanticWest Virginia
93%

Score Distribution

Percentile by Number Answered

Percent of People with Each Score

Your Score History

You have not taken this quiz